000 01424cam a22001814a 4500
005 20250605164144.0
008 250528s ||||||||||||||||||||||||d
035 _a19107
040 _aGR-AtMCL
_bgre
_dGR-AtMCL
_eAACR2
245 1 _aΣυνταγματικό Δίκαιο / Εισαγωγή-Οργανωτικό Μέρος.
_nΤόμος Α' - Τεύχος Γ'
260 _bΑντ. Ν. Σάκκουλα,
_c1991
300 _a324
520 _aΟι Δημόσιοι Διοικητικοί Υπάλληλοι, Οι Πολιτικοί Διοικητικοί Υπάλληλοι του Κράτους, Η Διοικητική Αποκέντρωση και η Τοπική Αυτοδιοίκηση, Η Δικαστική Λειτουργία, Η Άσκηση της Δικαστικής Λειτουργίας, Τα Όργανα της Δικαστικής Λειτουργίας, Το Ανώτατο Ειδικό Δικαστήριο, Ευρετήριο Παρατιθεμένων Άρθρων του Συντάγματός και του Εκλογικού Κώδικα και του Κώδικα για το Ανώτατο Ειδικό Δικαστήριο και του Κανονισμού της Βουλής, Αλφαβητικό Ευρετήριο Καθ' Ύλη Ολόκληρου του Τόμου.
700 1 _aΡάικος Αθανάσιος Γ
_92513
942 _cBK
999 _c4386
_d4386